000 00468nam a2200169Ia 4500
003 OSt
005 20200123104642.0
008 190216s9999||||xx |||||||||||||| ||und||
040 _coclc
082 _a338.7
_bSAC/B
100 _aSachdeva, S
_91008
245 0 _aBusiness Enviornment /
_cS Sachdeva
250 _a1st ed.
260 _bLakshmi Narain Agarwal Pub,
_c1999.
_aAgra:
300 _a231p
942 _cBK
_2ddc
_h338.7
_iSAC/B
_k338.7
_mSAC/B
999 _c5953
_d5953